NGO accountability : politics, principles and innovations

Αποθηκεύτηκε σε:
Λεπτομέρειες βιβλιογραφικής εγγραφής
Άλλοι συγγραφείς: Jordan, Lisa, 1964- (Επιμελητής έκδοσης), Tuijl, Peter van (Επιμελητής έκδοσης)
Μορφή: Βιβλίο
Γλώσσα:English
Δημοσίευση: London; Sterling, VA : Earthscan, [2006]
Θέματα:
Ετικέτες: Προσθήκη ετικέτας
Δεν υπάρχουν, Καταχωρήστε ετικέτα πρώτοι!

MARC

LEADER 00000cam a2200000 i 4500
001 1/44461
008 070516s2006 eng d
020 |a 978-1-84407-367-2 (pbk.) 
020 |a 1-84407-367-X (pbk.) 
035 |l 10087864 
040 |a GR-MY-UA  |b gre  |e aacr 
041 0 |a eng 
082 0 |a 352.106  |2 (22) 
245 1 0 |a NGO accountability :  |b politics, principles and innovations /  |c edited by Lisa Jordan and Peter van Tuijl 
260 |a London; Sterling, VA :   |b Earthscan,   |c [2006] 
300 |a xii, 257 σ.;  |c 24 εκ. 
504 |a Βιβλιογραφία: σ. 229-242 
504 |a Περιέχει ευρετήριο 
650 0 0 |a Non-governmental organizations. 
650 0 0 |a International agencies. 
700 1 |a Jordan, Lisa,   |d 1964-  |4 edt 
700 1 |a Tuijl, Peter van.  |4 edt 
852 |a INST  |b LESVOS  |e 20070516  |h 352.106 NGO  |p 005100038379  |q 005100038379  |t BK  |y 0 
901 |a BIBL1-2007-2 
909 |a Λ  |b 132848 
970 |a ΒΑΡΚΑ  |b ΕΛΕΥΘΕΡΙΑ  |z 2007/05/16